[Event "Treviso op-B 34th"]
[Site "Treviso"]
[Date "2010.12.05"]
[Round "5.10"]
[White "Mihalcea, Vasile"]
[Black "Carlino, Mauro"]
[Result "0-1"]
[WhiteElo "1682"]
[BlackElo "1545"]
[PlyCount "50"]
[EventDate "2010.12.03"]
[EventType "swiss"]
[EventRounds "5"]
[EventCountry "ITA"]
[SourceTitle "EXT 2024"]
[Source "ChessBase"]
[SourceDate "2023.10.10"]
[SourceVersion "1"]
[SourceVersionDate "2023.10.10"]
[SourceQuality "1"]

1. e4 c5 2. g3 d6 3. Nf3 Nc6 4. Nh4 Nf6 5. Bc4 Nxe4 6. Bxf7+ Kxf7 7. Qh5+ g6 8. Qd5+ Be6 9. Qxe4 Bg7 10. c3 Qb6 11. Nf3 Bf6 12. 0-0 Bf5 13. Qf4 e5 14. Ng5+ Kg7 15. Qe3 c4 16. Nf3 e4 17. d4 exf3 18. Qxf3 Rhe8 19. Na3 Bd3 20. Bh6+ Kxh6 21. Qxf6 Rf8 22. Qxd6 Bxf1 23. Rxf1 Qxb2 24. Nxc4 Qxc3 25. Ne3 Qxd4 0-1

[Event "Treviso op-B 34th"]
[Site "Treviso"]
[Date "2010.12.04"]
[Round "3.7"]
[White "Pozzobon, Davide"]
[Black "Carlino, Mauro"]
[Result "1-0"]
[WhiteElo "1797"]
[BlackElo "1545"]
[PlyCount "107"]
[EventDate "2010.12.03"]
[EventType "swiss"]
[EventRounds "5"]
[EventCountry "ITA"]
[SourceTitle "EXT 2024"]
[Source "ChessBase"]
[SourceDate "2023.10.10"]
[SourceVersion "1"]
[SourceVersionDate "2023.10.10"]
[SourceQuality "1"]

1. e4 c5 2. Nf3 d6 3. d4 cxd4 4. Nxd4 Nf6 5. Nc3 g6 6. Be3 Bg7 7. f3 Nc6 8. Qd2 Bd7 9. 0-0-0 a6 10. Bh6 0-0 11. Bxg7 Kxg7 12. h4 h5 13. Qg5 Qa5 14. Nxc6 Qxg5+ 15. hxg5 bxc6 16. gxf6+ exf6 17. Rxd6 Rfd8 18. Bc4 Be6 19. Rxd8 Rxd8 20. Bxe6 fxe6 21. Rd1 Rxd1+ 22. Kxd1 f5 23. exf5 exf5 24. Na4 g5 25. Nc5 a5 26. Nb7 a4 27. Nc5 g4 28. fxg4 fxg4 29. Ke2 h4 30. Nxa4 Kf6 31. Nc3 Kf5 32. Kf2 Ke5 33. Nd1 Ke4 34. Ne3 g3+ 35. Ke2 c5 36. a4 Ke5 37. Nf1 c4 38. Nxg3 hxg3 39. Kf3 Kd5 40. Kxg3 Kc5 41. Kf4 Kb4 42. g4 Kxa4 43. g5 c3 44. bxc3 Kb5 45. g6 Kc4 46. g7 Kxc3 47. g8Q Kxc2 48. Qc4+ Kb2 49. Qd3 Kc1 50. Qe2 Kb1 51. Ke3 Kc1 52. Kd3 Kb1 53. Kc3 Ka1 54. Qb2# 1-0

[Event "Chioggia op-B 04th"]
[Site "Chioggia"]
[Date "2009.10.11"]
[Round "5"]
[White "Carlino, Mauro"]
[Black "De Gobbi, Valeria"]
[Result "1-0"]
[WhiteElo "1584"]
[BlackElo "1434"]
[PlyCount "149"]
[EventDate "2009.10.09"]
[EventType "swiss"]
[EventRounds "5"]
[EventCountry "ITA"]
[SourceTitle "EXT 2022"]
[Source "ChessBase"]
[SourceDate "2021.10.06"]
[SourceVersion "1"]
[SourceVersionDate "2021.10.06"]
[SourceQuality "1"]

1. e4 e5 2. Nf3 Nf6 3. Nc3 Nc6 4. Bc4 Bc5 5. 0-0 d6 6. d3 Bg4 7. Bg5 Nd4 8. Nd5 Nxf3+ 9. gxf3 Bh3 10. Re1 h6 11. Bh4 c6 12. Nc3 Qd7 13. Na4 0-0-0 14. a3 a6 15. Nxc5 dxc5 16. Bg3 Qe7 17. Qd2 h5 18. Qg5 Rde8 19. f4 h4 20. Bxh4 Reg8 21. fxe5 Qd7 22. Bg3 b5 23. Bxb5 cxb5 24. exf6 gxf6 25. Qxc5+ Kd8 26. Qd5 Qxd5 27. exd5 f5 28. f4 Rh4 29. Re2 Rxf4 30. Rae1 Rfg4 31. Kf2 f4 32. Bxf4 Rxf4+ 33. Ke3 Rf6 34. Kd2 Rg2 35. Rxg2 Bxg2 36. c4 Rg6 37. b3 Rh6 38. Re2 Bh1 39. Kc3 Kc7 40. Re7+ Kb6 41. Rxf7 Rxh2 42. Rf6+ Ka7 43. d6 Rh8 44. Kb4 Bc6 45. Kc5 Bd7 46. Rf7 Rd8 47. b4 Kb7 48. Kd5 bxc4 49. dxc4 Kb6 50. c5+ Kb5 51. Re7 Bc6+ 52. Ke6 Ka4 53. d7 Kxa3 54. Kd6 Bxd7 55. Rxd7 Rb8 56. c6 Rb6 57. Kc7 Rxb4 58. Kc8 Re4 59. c7 Re8+ 60. Kb7 a5 61. Rd8 Re7 62. Kb8 Rxc7 63. Kxc7 a4 64. Kc6 Kb2 65. Kb5 a3 66. Kb4 a2 67. Rd2+ Kb1 68. Kb3 a1N+ 69. Kc3 Kc1 70. Ra2 Kb1 71. Rh2 Nc2 72. Rxc2 Ka1 73. Rh2 Kb1 74. Rg2 Ka1 75. Kb3 1-0

[Event "Montebelluna op-B 5th"]
[Site "Montebelluna"]
[Date "2007.03.11"]
[Round "4"]
[White "Cecchetti, Simone"]
[Black "Carlino, Mauro"]
[Result "1/2-1/2"]
[WhiteElo "1440"]
[BlackElo "1434"]
[PlyCount "77"]
[EventDate "2007.03.09"]
[EventType "swiss"]
[EventRounds "5"]
[EventCountry "ITA"]
[SourceTitle "EXT 2008"]
[Source "ChessBase"]
[SourceDate "2007.11.25"]
[SourceVersion "1"]
[SourceVersionDate "2007.11.25"]
[SourceQuality "1"]

1. e4 c5 2. Nf3 d6 3. d4 cxd4 4. Nxd4 Nc6 5. Be3 Nf6 6. Nc3 g6 7. Be2 Bg7 8. f4 0-0 9. Qd2 Nxd4 10. Bxd4 b6 11. Bf3 Nd7 12. Be3 Nc5 13. e5 Rb8 14. Rd1 Nb7 15. Qc1 f6 16. Bd4 Be6 17. 0-0 Qd7 18. b4 f5 19. a4 Rbd8 20. Qb2 d5 21. Rfe1 Bh6 22. Nxd5 Bxd5 23. e6 Bxe6 24. Bh8 Qc7 25. Be5 Qc8 26. c4 Nd6 27. Bd5 Bxd5 28. cxd5 Nc4 29. Qd4 Nxe5 30. fxe5 e6 31. d6 Qc2 32. Qh4 Bg7 33. Qe7 Rfe8 34. Qxa7 Bxe5 35. d7 Rf8 36. Qxb6 Kf7 37. Qe3 Qe4 38. Qc5 Qf4 39. Rxe5 1/2-1/2

[Event "Montebelluna op-B 5th"]
[Site "Montebelluna"]
[Date "2007.03.09"]
[Round "1"]
[White "Codenotti, Marco"]
[Black "Carlino, Mauro"]
[Result "1-0"]
[WhiteElo "1602"]
[BlackElo "1434"]
[PlyCount "49"]
[EventDate "2007.03.09"]
[EventType "swiss"]
[EventRounds "5"]
[EventCountry "ITA"]
[SourceTitle "EXT 2008"]
[Source "ChessBase"]
[SourceDate "2007.11.25"]
[SourceVersion "1"]
[SourceVersionDate "2007.11.25"]
[SourceQuality "1"]

1. e4 c5 2. Nc3 d6 3. f4 Nf6 4. Nf3 Nc6 5. Bc4 e6 6. 0-0 Be7 7. d3 0-0 8. Bb3 a6 9. h3 b5 10. g4 Nd7 11. Kh1 e5 12. f5 h6 13. Rg1 Kh8 14. Qe1 Nf6 15. g5 Nd7 16. gxh6 Rg8 17. Bxf7 Qf8 18. Bxg8 Qxg8 19. hxg7+ Kh7 20. Ng5+ Bxg5 21. Bxg5 Qxg7 22. Qh4+ Kg8 23. Bh6 Qxg1+ 24. Rxg1+ Kh8 25. Be3# 1-0